<?xml version="1.0" encoding="UTF-8"?>
<collection xmlns:xsi="http://www.w3.org/2001/XMLSchema-instance" xsi:schemaLocation="http://www.loc.gov/MARC21/slim http://www.loc.gov/standards/marcxml/schema/MARC21slim.xsd" xmlns="http://www.loc.gov/MARC21/slim">
 <record>
  <leader>00000ctm a22000004i 4500</leader>
  <controlfield tag="001">UP-99796217612810767</controlfield>
  <controlfield tag="003">Buklod</controlfield>
  <controlfield tag="005">20180806110012.0</controlfield>
  <controlfield tag="006">m    |o  d |      </controlfield>
  <controlfield tag="007">ta</controlfield>
  <controlfield tag="008">180806s2018    xx     d     r    |||| u|</controlfield>
  <datafield tag="035" ind1=" " ind2=" ">
   <subfield code="a">(iLib)UPD-00366413651</subfield>
  </datafield>
  <datafield tag="040" ind1=" " ind2=" ">
   <subfield code="a">DENG</subfield>
   <subfield code="e">rda</subfield>
  </datafield>
  <datafield tag="041" ind1=" " ind2=" ">
   <subfield code="a">eng</subfield>
  </datafield>
  <datafield tag="042" ind1=" " ind2=" ">
   <subfield code="a">DMLUC</subfield>
  </datafield>
  <datafield tag="090" ind1=" " ind2=" ">
   <subfield code="a">LG 995 2018 E65</subfield>
   <subfield code="b">L67</subfield>
  </datafield>
  <datafield tag="100" ind1="1" ind2=" ">
   <subfield code="a">Lositaño, Ian Carlo M.</subfield>
   <subfield code="e">author.</subfield>
  </datafield>
  <datafield tag="245" ind1="1" ind2="0">
   <subfield code="a">Performance effects of tubercle leading edge (TLE) on a cambered airfoil profile for vertical axis wind turbines (VAWTs) in steady wind</subfield>
   <subfield code="c">thesis by Ian Carlo M. Lositaño ; Louis Angelo M. Danao, thesis adviser.</subfield>
  </datafield>
  <datafield tag="264" ind1=" " ind2="0">
   <subfield code="a">Quezon City</subfield>
   <subfield code="b">College of Engineering, University of the Philippines Diliman</subfield>
   <subfield code="c">2018.</subfield>
  </datafield>
  <datafield tag="300" ind1=" " ind2=" ">
   <subfield code="a">xv, 115 leaves</subfield>
   <subfield code="b">color illustrations</subfield>
   <subfield code="c">28 cm</subfield>
  </datafield>
  <datafield tag="336" ind1=" " ind2=" ">
   <subfield code="a">text</subfield>
   <subfield code="2">rdacontent</subfield>
  </datafield>
  <datafield tag="337" ind1=" " ind2=" ">
   <subfield code="a">unmediated</subfield>
   <subfield code="2">rdamedia</subfield>
  </datafield>
  <datafield tag="338" ind1=" " ind2=" ">
   <subfield code="a">volume</subfield>
   <subfield code="2">rdacarrier</subfield>
  </datafield>
  <datafield tag="502" ind1=" " ind2=" ">
   <subfield code="a">Thesis (Master of Science in Energy Engineering)--University of the Philippines Diliman</subfield>
   <subfield code="d">May 2018.</subfield>
  </datafield>
  <datafield tag="506" ind1=" " ind2=" ">
   <subfield code="a">Available to the general public.</subfield>
  </datafield>
  <datafield tag="520" ind1="3" ind2=" ">
   <subfield code="a">The Philippines is exploring and developing wind energy and other indigenous renewable energy resources. It has 76.6GW of harvestable wind energy capacity but only 427MW and 383MW of installed and dependable turbine capacities, respectively. These figures exclude the potential of vertical axis wind turbines (VAWTs), which has worldwide research initiatives currently reemerging with focus on performance improvement.  In this study, the performance of a 5-kW capacity three-bladed H-rotor Darrieus VAWT with tubercle leading edge (TLE) as an added passive motion control on its cambered NACA 0025 blades was established using computational fluid dynamics (CFD). The TLE, based on whale flipper tubercles, has been shown to improve flow and performance of airfoils and horizontal axis wind turbines (HAWTs).  A variety of computer-aided drawing (CAD) and computer-aided engineering (CAE) software were used to create the 2D and 3D geometries and meshes, run transient steady wind flow simulations and conduct post-processing analyses, k-w SST turbulence model was used to solve the pressure-based RANS equations. All 2D and 3D models were checked for cyclical and numerical convergence besides wall y+ acceptability. The 2D model served as transition prior the 3D simulations for performance benchmarking against reference studies and the 3D model, and establishing optimal spatio-temporal settings. Optimal y+ setting was determined to be 0.1 with the alternatives 1 and 30 failing to model the k-w SST turbulence model in blade-adjacent cells contrary to reference studies. Node density and time step parametric studies yielded the optimal values of 210 nodes and 1° azimuth time step equivalent. Both the baseline 2D and cambered 3D VAWT models showed agreement to the reference performance curves.  Results showed the TLE to be detrimental to flow and performance of a cambered VAWT. Using torque, lift and drag data, the TLE VAWT was shown to deviate significantly against the cambered VAWT over one complete converged rotation, more specifically between the azimuth angles of 55° and 180°. TLE VAWT blades encounter reduced lift forces and increased drag forces, and from thereon lowered and reversal of torque values dipping up to -3.59Nm at 106° azimuth. Similar supporting observations were picked up from the z-vorticity and Q-criterion visualizations where the cambered VAWT was shown to have streamlined flow throughout the rotation while the TLE VAWT generated vortices the size of the blade chord at blade wakes between azimuthal positions of 106° and 180°. The z-vorticity plot further revealed flow separation at the blade crests creeping in at the blade trailing edge at 75° azimuth and reaching halfway through the blade chord length at 106° azimuth. Spanwise separation was restricted at blade crests.  Flow degradation translates to poor performance. The net blade torque over one rotation of the TLE VAWT at the peak TSR generates only 9.28 W of blade power from the available wind power of 137.8W. Its power coefficient is 0.07 while that of the cambered VAWT is 0.30. The peak TSR of the TLE VAWT also shifted to A = 5 but without relevance.</subfield>
  </datafield>
  <datafield tag="650" ind1=" " ind2="0">
   <subfield code="a">Vertical axis wind turbines.</subfield>
  </datafield>
  <datafield tag="650" ind1=" " ind2="0">
   <subfield code="a">Leading edges (Aerodynamics)</subfield>
  </datafield>
  <datafield tag="650" ind1=" " ind2="0">
   <subfield code="a">Aerofoils.</subfield>
  </datafield>
  <datafield tag="700" ind1="1" ind2=" ">
   <subfield code="a">Danao, Louis Angelo M.</subfield>
   <subfield code="e">thesis adviser.</subfield>
  </datafield>
  <datafield tag="905" ind1=" " ind2=" ">
   <subfield code="a">FI</subfield>
  </datafield>
  <datafield tag="905" ind1=" " ind2=" ">
   <subfield code="a">UP</subfield>
  </datafield>
  <datafield tag="852" ind1="0" ind2=" ">
   <subfield code="a">UPD</subfield>
   <subfield code="b">DENG-II</subfield>
   <subfield code="h">LG 995 2018 E65</subfield>
   <subfield code="i">L67</subfield>
  </datafield>
  <datafield tag="942" ind1=" " ind2=" ">
   <subfield code="a">Thesis</subfield>
  </datafield>
 </record>
</collection>
